01010cam a2200253 a 4500999001700000001000800017005001700025008004100042010001700083020005000100040001800150050002200168100003600190245008800226260004800314300002400362504006400386650003400450650001100484740001800495856008900513942003300602952012100635 c23239d23239488838820170126083447.0930510s1994 nyu b 001 0 eng  a 93024742  a0195079248 (cloth : acidfree paper) :c$35.00 aDLCcDLCdDLC00aBD171b.D285 19941 aDavid, Marian Alexander,d1959-10aCorrespondence and disquotation :ban essay on the nature of truth /cMarian David. aNew York :bOxford University Press,c1994. ax, 206 p. :c22 cm. aIncludes bibliographical references (p. 193-198) and index. 0aTruthxCorrespondence theory. 0aTruth.0 aDisquotation.423Publisher descriptionuhttp://www.loc.gov/catdir/enhancements/fy0604/93024742-d.html 2lcccBOOKShBD171 .D285 1994 00102lcc4070aMUCbMUCcGENd2017-01-26eDonation(BFA)l0oBD171 .D285 1994p32291r2017-01-26w2017-01-26yBOOKS